[Event "Nittenau-ch 14th"]
[Site "Nittenau"]
[Date "2014.09.05"]
[Round "1"]
[White "Oberhofer, Marie"]
[Black "Gan, Brian"]
[Result "1-0"]
[WhiteElo "1671"]
[BlackElo "1021"]
[PlyCount "107"]
[EventDate "2014.09.05"]
[EventType "swiss"]
[EventRounds "5"]
[EventCountry "GER"]
[SourceTitle "CBM 162 Extra"]
[Source "ChessBase"]
[SourceDate "2014.10.17"]
[SourceVersion "1"]
[SourceVersionDate "2014.10.17"]
[SourceQuality "1"]

1. e4 e5 2. Nf3 Nc6 3. Bb5 Bc5 4. 0-0 d6 5. h3 f5 6. exf5 Bxf5 7. d4 exd4 8. Nxd4 Bd7 9. Re1+ Nge7 10. Bxc6 bxc6 11. Nb3 0-0 12. Nxc5 dxc5 13. Bg5 Rf7 14. Qe2 Kf8 15. Qe5 h6 16. Bxe7+ Rxe7 17. Qxc5 Rb8 18. b3 Ke8 19. Rxe7+ Qxe7 20. Qxe7+ Kxe7 21. Nd2 Bf5 22. Re1+ Kf6 23. c3 Rd8 24. Ne4+ Kf7 25. g4 Bh7 26. Nc5 Rd5 27. b4 Rd2 28. Re6 Rd6 29. Rxd6 cxd6 30. Nb7 Ke6 31. Kf1 Bd3+ 32. Ke1 Be4 33. Ke2 Kd5 34. Ke3 g5 35. f4 Bg2 36. f5 Bxh3 37. Kf3 Bf1 38. Nd8 Ke5 39. Nxc6+ Kf6 40. Nxa7 Bc4 41. a4 Ke7 42. b5 Kd8 43. b6 Kd7 44. a5 Ba6 45. Ke4 Bb7+ 46. Kd4 Ke7 47. Nb5 Bc6 48. Nc7 Kf7 49. a6 d5 50. b7 Bd7 51. b8Q h5 52. gxh5 Bxf5 53. Qe8+ Kf6 54. Qf8# 1-0